| 000 | 00848nab a2200253 u 4500 | ||
|---|---|---|---|
| 001 | 13225 | ||
| 003 | HDC | ||
| 007 | cr bn ---aaaaa | ||
| 008 | 210212c my dr|nes 0 |0may | ||
| 040 | _aHDC | ||
| 100 |
_aRaziatul Hanum A.Rajak, _eauthor _910733 |
||
| 245 | 0 |
_aProduk haram berlogo halal? / _cby Raziatul Hanum A.Rajak |
|
| 260 |
_a[no place] : _b[publisher not identified], _c[no year] |
||
| 336 |
_atext _2rdacontent |
||
| 337 |
_acomputer _2rdamedia |
||
| 338 |
_aonline resource _2rdacarrier |
||
| 650 |
_aHalal certificate _9482 |
||
| 650 |
_aHalal industry _9144 |
||
| 710 | _aSinar Harian | ||
| 856 | _zRequest full-text at [email protected] | ||
| 942 | _2lcc | ||
| 942 | _cNEWS | ||
| 942 | _kNWSO 002875 | ||
| 999 |
_c10541 _d10541 |
||